Resumen de la información acerca de los obreros agrícolas en las provincias de Andalucía y Extremadura. (Record no. 126719)

MARC details
000 -LEADER
campo de control de longitud fija 00735nam a2200205 i 4500
001 - NÚMERO DE CONTROL
campo de control 126719
003 - IDENTIFICADOR DE NÚMERO DE CONTROL
campo de control ES-MaACL
005 - FECHA Y HORA DE LA ÚLTIMA TRANSACCIÓN
campo de control 20250831123109.0
007 - CAMPO FIJO DE DESCRIPCIÓN FÍSICA--INFORMACIÓN GENERAL
campo de control de longitud fija t|
008 - DATOS DE LONGITUD FIJA--INFORMACIÓN GENERAL
campo de control de longitud fija 070214s1905 sp r ||||1| spa d
245 00 - MENCIÓN DEL TÍTULO
Título Resumen de la información acerca de los obreros agrícolas en las provincias de Andalucía y Extremadura.
260 ## - PUBLICACIÓN, DISTRIBUCIÓN, ETC.
Lugar de publicación, distribución, etc. Madrid :
Nombre del editor, distribuidor, etc. M. Minuesa de los Ríos,
Fecha de publicación, distribución, etc. 1905.
300 ## - DESCRIPCIÓN FÍSICA
Extensión 247 p. ;
Dimensiones 32 x 23 cm.
500 ## - NOTA GENERAL
Nota general Precede al tít.: Instituto de Reformas Sociales.
650 #4 - PUNTO DE ACCESO ADICIONAL DE MATERIA--TÉRMINO DE MATERIA
Término de materia o nombre geográfico como elemento de entrada Trabajadores agrícolas-
Subdivisión geográfica Andalucía.
9 (RLIN) 157858
650 #4 - PUNTO DE ACCESO ADICIONAL DE MATERIA--TÉRMINO DE MATERIA
Término de materia o nombre geográfico como elemento de entrada Trabajadores agrícolas-
Subdivisión geográfica Extremadura.
9 (RLIN) 157859
710 2# - ENTRADA AGREGADA--NOMBRE DE ENTIDAD CORPORATIVA
Nombre de entidad corporativa o nombre de jurisdicción como elemento de entrada Instituto de Reformas Sociales (España)
9 (RLIN) 5000
852 ## - LOCALIZACIÓN
Ubicación ES-MaACL
Número de control de estantería B-12031
Holdings
Estatus retirado Estado de pérdida Estado de daño No para préstamo Biblioteca de origen Biblioteca actual Ubicación en estantería Fecha de adquisición Fuente de adquisición Total de préstamos Signatura topográfica completa Código de barras Visto por última vez Precio de reemplazo Tipo de ítem Koha
        Biblioteca del Ateneo de Madrid Biblioteca del Ateneo de Madrid Sala Pardo Bazán 17/01/2008     B-12031 1131990 23/02/2023 23/02/2023 Libro impreso